Rules of the Came american polictics and the Central America movement /

Gespeichert in:
Bibliographische Detailangaben
1. Verfasser: Cohen, Joshua
Weitere Verfasser: Rogers, Joel
Format: Text
Veröffentlicht: Boston, MA: South end press
Tags: Tag hinzufügen
Keine Tags, Fügen Sie den ersten Tag hinzu!

MARC

LEADER 00000 a a2200000 04500
001 25802
003
040
020 |a 0-89608-326-8  
090 |a 174200  
100 |a Cohen, Joshua  
245 |a Rules of the Came american polictics and the Central America movement /  |c Joshua Cohen 
260 |a Boston, MA:   |b South end press  
300 |a 60 p  
700 |a Rogers, Joel  
999 |c 14430  |d 14430